000 00442nam a2200145 i 4500
001 46508
003 ES-MaACL
007 t|
008 030331q19001999sp ||||1| spa d
100 1 _aComet Fargas, Raimundo.
_940003
245 1 0 _aDesarrollo de las ciencias médicas y dinamismo /
_cRaimundo Comet Fargas.
260 _aBarcelona :
_b[s.n.,
_c19--?] (
_fImprenta Inglada y Comp.)
300 _a126 p. ;
_c24 cm.
852 _aES-MaACL
_jE-1655
999 _c46508
_d46508